[Event "Wroclaw op"]
[Site "Wroclaw"]
[Date "2017.08.12"]
[Round "5"]
[White "Olszowski, Andrzej"]
[Black "Widla, Piotr"]
[Result "0-1"]
[WhiteElo "1680"]
[BlackElo "2029"]
[PlyCount "107"]
[EventDate "2017.08.10"]
[EventType "swiss"]
[EventRounds "9"]
[EventCountry "POL"]
[SourceTitle "CBM 180 Extra"]
[Source "ChessBase"]
[SourceDate "2017.10.06"]
[SourceVersion "1"]
[SourceVersionDate "2017.10.06"]
[SourceQuality "1"]

1. e4 c5 2. b3 Nf6 3. Nc3 Nc6 4. Bb2 e6 5. Bc4 d5 6. exd5 exd5 7. Bb5 Be7 8. Bxc6+ bxc6 9. d3 Bg4 10. f3 Bf5 11. Nge2 d4 12. Ne4 Nd5 13. Bc1 0-0 14. 0-0 Re8 15. Nf4 Rc8 16. Bd2 Qc7 17. Nxd5 cxd5 18. Ng3 Bg6 19. f4 f6 20. Qf3 Bf7 21. Rfe1 c4 22. Nf5 Bc5 23. Rxe8+ Rxe8 24. Re1 Rxe1+ 25. Bxe1 Be6 26. Ng3 cxb3 27. axb3 Bd6 28. f5 Bf7 29. Qe2 Be5 30. Bf2 Qc8 31. Qd2 h5 32. h4 Qa6 33. Qd1 Qc8 34. Qd2 Qc7 35. Ne2 Qb6 36. Bg3 Qd6 37. Bf4 Be8 38. g3 Bd7 39. Qa5 Bxf5 40. Qxa7 Bg4 41. Nxd4 Bxf4 42. Qa8+ Kh7 43. gxf4 Qc5 44. Qa4 Qc3 45. Kf2 Qd2+ 46. Kg3 Qe3+ 47. Kg2 Qxf4 48. Qb4 Qe3 49. Qc3 Qh3+ 50. Kg1 Qxh4 51. Qd2 Qg3+ 52. Qg2 Qe1+ 53. Kh2 Qe5+ 54. Kg1 0-1

[Event "Wroclaw Anderssen Memorial op-B 22nd"]
[Site "Wroclaw"]
[Date "2013.06.30"]
[Round "4"]
[White "Olszowski, Andrzej"]
[Black "Tworzydlo, Piotr"]
[Result "0-1"]
[WhiteElo "1798"]
[BlackElo "2153"]
[PlyCount "48"]
[EventDate "2013.06.30"]
[EventType "swiss"]
[EventRounds "7"]
[EventCountry "POL"]
[SourceTitle "EXT 2014"]
[Source "ChessBase"]
[SourceDate "2013.11.20"]
[SourceVersion "1"]
[SourceVersionDate "2013.11.20"]
[SourceQuality "1"]

1. e4 c5 2. Nf3 d6 3. d4 cxd4 4. Nxd4 Nf6 5. Nc3 a6 6. Be3 Ng4 7. Bg5 h6 8. Bh4 g5 9. Bg3 Bg7 10. Be2 h5 11. h3 h4 12. hxg4 hxg3 13. Rxh8+ Bxh8 14. fxg3 Be5 15. Qd3 Nc6 16. Nb3 Nb4 17. Qd1 Qb6 18. Nd5 Bxg3+ 19. Kd2 Nxd5 20. exd5 Bf4+ 21. Ke1 Qg1+ 22. Bf1 Qe3+ 23. Qe2 Bg3+ 24. Kd1 Bxg4 0-1

[Event "POL-ch Amateur"]
[Site "Wroclaw"]
[Date "2013.??.??"]
[Round "5"]
[White "Olszowski, Andrzej"]
[Black "Bohdanowicz, Tomasz"]
[Result "0-1"]
[WhiteElo "1798"]
[BlackElo "1928"]
[PlyCount "118"]
[EventDate "2013.06.??"]
[EventType "swiss"]
[EventRounds "9"]
[EventCountry "POL"]
[SourceTitle "EXT 2014"]
[Source "ChessBase"]
[SourceDate "2013.11.20"]
[SourceVersion "1"]
[SourceVersionDate "2013.11.20"]
[SourceQuality "1"]

1. e4 c5 2. Nf3 e6 3. d4 cxd4 4. Nxd4 Bc5 5. Nb3 Bb6 6. Qe2 Ne7 7. Nc3 0-0 8. Be3 Nbc6 9. 0-0-0 a5 10. a4 f5 11. f4 fxe4 12. Nxe4 Bxe3+ 13. Qxe3 Nd5 14. Qg3 Qc7 15. Bd3 Nxf4 16. Nc3 Nxd3+ 17. Qxd3 d5 18. Nb5 Qf4+ 19. Kb1 Bd7 20. Nc5 Nb4 21. Qe2 Bxb5 22. Qxb5 Qf5 23. Nd3 Nxd3 24. Rxd3 Qf7 25. Rf3 Qc7 26. Rc3 Qe7 27. Qb6 Ra6 28. Qb5 Qb4 29. Qd7 Rd6 30. Qe7 Rb6 31. Qxb4 Rxb4 32. b3 b5 33. axb5 Rxb5 34. Re3 Re8 35. Rhe1 a4 36. Kb2 axb3 37. Rxe6 Rxe6 38. Rxe6 Kf7 39. Ra6 bxc2+ 40. Kxc2 Rb7 41. Rd6 Rb5 42. h4 Ke7 43. Ra6 Rb4 44. Ra7+ Kf6 45. Rd7 Rxh4 46. Rxd5 Rg4 47. Rd2 Re4 48. Kd3 Re6 49. Rf2+ Kg6 50. Rf3 h5 51. Rf4 Kg5 52. Rf7 g6 53. Rf3 Kg4 54. Kd2 g5 55. Kd1 Re4 56. Kd2 h4 57. Rh3 Kf5 58. Rf3+ Rf4 59. Ra3 Rf2+ 0-1

[Event "POL-ch Amateur"]
[Site "Wroclaw"]
[Date "2013.??.??"]
[Round "7"]
[White "Olszowski, Andrzej"]
[Black "Zielinski, Olgierd"]
[Result "0-1"]
[WhiteElo "1798"]
[BlackElo "1900"]
[PlyCount "68"]
[EventDate "2013.06.??"]
[EventType "swiss"]
[EventRounds "9"]
[EventCountry "POL"]
[SourceTitle "EXT 2014"]
[Source "ChessBase"]
[SourceDate "2013.11.20"]
[SourceVersion "1"]
[SourceVersionDate "2013.11.20"]
[SourceQuality "1"]

1. e4 c5 2. Nf3 a6 3. c4 e6 4. d4 cxd4 5. Nxd4 Qc7 6. Nc3 Nf6 7. a3 b6 8. Be3 d6 9. Rc1 Bb7 10. f3 Nbd7 11. Be2 Rc8 12. 0-0 Be7 13. Qb3 0-0 14. Na4 Nc5 15. Nxc5 dxc5 16. Nc2 Rfd8 17. Rcd1 Bd6 18. h3 Bh2+ 19. Kh1 Nh5 20. Bf2 Be5 21. Bh4 g5 22. Bf2 Nf4 23. Bd3 Rd7 24. Ne1 Rcd8 25. Bc2 Rxd1 26. Bxd1 Rd2 27. Bc2 Qd8 28. Be3 Nh5 29. Rf2 Rxf2 30. Bxf2 Qd2 31. Qd3 Qf4 32. Kg1 Qh2+ 33. Kf1 Qh1+ 34. Ke2 Nf4+ 0-1

[Event "POL-ch Amateur"]
[Site "Wroclaw"]
[Date "2012.06.22"]
[Round "1"]
[White "Olszowski, Andrzej"]
[Black "Sienkiewicz, Wojciech"]
[Result "1-0"]
[WhiteElo "1746"]
[BlackElo "1220"]
[PlyCount "66"]
[EventDate "2012.06.22"]
[EventType "swiss"]
[EventRounds "7"]
[EventCountry "POL"]
[SourceTitle "EXT 2013"]
[Source "ChessBase"]
[SourceDate "2012.11.22"]
[SourceVersion "1"]
[SourceVersionDate "2012.11.22"]
[SourceQuality "1"]

1. e4 c5 2. Nf3 Nc6 3. d4 cxd4 4. Nxd4 Nf6 5. Nc3 e5 6. Ndb5 d6 7. Nd5 Nxd5 8. exd5 Ne7 9. c3 a6 10. Qa4 axb5 11. Qxa8 Nxd5 12. Bxb5+ Bd7 13. Qxb7 Nc7 14. Bxd7+ Qxd7 15. Qb8+ Qd8 16. Qxd8+ Kxd8 17. 0-0 Be7 18. Be3 Kd7 19. Rfd1 Kc6 20. a4 Nd5 21. b4 Nxe3 22. fxe3 Ra8 23. e4 Bd8 24. a5 Bc7 25. g4 f6 26. Rd5 Kb7 27. Rad1 Ra6 28. c4 h6 29. Kg2 g5 30. Kf1 Rc6 31. c5 dxc5 32. b5 Re6 33. b6 Bd6 1-0

[Event "POL-ch Amateurs"]
[Site "Wroclaw"]
[Date "2011.07.02"]
[Round "4"]
[White "Zielinski, Zbigniew"]
[Black "Olszowski, Andrzej"]
[Result "1/2-1/2"]
[WhiteElo "1867"]
[BlackElo "1727"]
[PlyCount "41"]
[EventDate "2011.07.01"]
[EventType "swiss"]
[EventRounds "7"]
[EventCountry "POL"]
[SourceTitle "EXT 2023"]
[Source "ChessBase"]
[SourceDate "2022.10.05"]
[SourceVersion "1"]
[SourceVersionDate "2022.10.05"]
[SourceQuality "1"]

1. d4 Nf6 2. Nf3 e6 3. c4 c5 4. e3 d5 5. Nc3 Nc6 6. Be2 Be7 7. 0-0 0-0 8. a3 dxc4 9. Bxc4 a6 10. dxc5 Bxc5 11. Qe2 b5 12. Bd3 Bb7 13. b4 Bd6 14. Rd1 Qe7 15. Bb2 Ne5 16. Nxe5 Bxe5 17. f4 Bxc3 18. Bxc3 Ne4 19. Bd4 Rfc8 20. Rac1 f5 21. Qb2 1/2-1/2

[Event "Gora Sw Anny op 4th"]
[Site "Gora Sw Anny"]
[Date "2011.02.17"]
[Round "7"]
[White "Olszowski, Andrzej"]
[Black "Oleksy, Helena"]
[Result "1-0"]
[WhiteElo "1783"]
[BlackElo "1441"]
[PlyCount "81"]
[EventDate "2011.02.12"]
[EventType "swiss"]
[EventRounds "9"]
[EventCountry "POL"]
[SourceTitle "CBM 140 Extra"]
[Source "ChessBase"]
[SourceDate "2011.03.01"]
[SourceVersion "1"]
[SourceVersionDate "2011.03.01"]
[SourceQuality "1"]

1. Nf3 d5 2. g3 Nf6 3. b3 e6 4. Bb2 c5 5. d3 Nbd7 6. e3 b6 7. Bg2 Bb7 8. Nbd2 Bd6 9. c4 0-0 10. 0-0 Ng4 11. Ne1 Ndf6 12. d4 cxd4 13. exd4 Qe7 14. Bf3 Nh6 15. Nd3 dxc4 16. Nxc4 Bxf3 17. Qxf3 Nf5 18. a4 Rfe8 19. Nde5 Bxe5 20. dxe5 Nd5 21. Rfd1 Qg5 22. Qe4 h5 23. h4 Qe7 24. Rd3 Qc5 25. Rad1 Rec8 26. Ba3 Nb4 27. Nd6 Nxd6 28. exd6 Nxd3 29. Bxc5 Nxc5 30. Qf3 Rd8 31. d7 Rab8 32. Qc6 Kf8 33. b4 Na6 34. Qd6+ Kg8 35. Rd4 Rb7 36. Qe7 Rbb8 37. Kg2 Nc7 38. Rc4 Nd5 39. Qd6 Rb7 40. Rc8 Rbxd7 41. Rxd8+ 1-0

[Event "Kolobrzeg op 10th"]
[Site "Kolobrzeg"]
[Date "2009.08.20"]
[Round "4"]
[White "Bukowska, Katarzyna"]
[Black "Olszowski, Andrzej"]
[Result "1-0"]
[WhiteElo "2026"]
[BlackElo "1854"]
[PlyCount "53"]
[EventDate "2009.08.17"]
[EventType "swiss"]
[EventRounds "9"]
[EventCountry "POL"]
[SourceTitle "CBM 131 Extra"]
[Source "ChessBase"]
[SourceDate "2009.09.03"]
[SourceVersion "2"]
[SourceVersionDate "2009.09.16"]
[SourceQuality "1"]

1. e4 c5 2. Nf3 e6 3. d4 cxd4 4. Nxd4 Qb6 5. Nb3 Nc6 6. Bd3 Nf6 7. Nc3 Bb4 8. Bd2 0-0 9. 0-0 a6 10. Kh1 Qd8 11. f4 d5 12. exd5 Nxd5 13. Ne4 Bxd2 14. Qxd2 Ndb4 15. Rf3 Nxd3 16. Rxd3 Qe7 17. Re1 Nb4 18. Rd4 Nd5 19. Ng5 Qf6 20. c4 Nb6 21. Nc5 g6 22. b3 a5 23. Rd6 Qe7 24. Qd4 Qc7 25. Nce4 f5 26. Nf6+ Rxf6 27. Qxf6 1-0